Prueba rápida de matemáticas - prueba corta de matemáticas - Quiz 2 - Estadísticas

Estadísticas generales
  • Esta prueba ha sido intentada 69 veces
  • La puntuación promedio es 14 de 15
Estadísticas de respuestas
Hint Respuesta % Correcto
11 : 11 = 1
100%
111 : 111 1
100%
11 + 11 = 22
100%
11 - 11 = 0
97%
0 x 11 = 0
97%
101 + 69 = 170
97%
11 x 11 = 121
93%
101 - 69 = 32
93%
3 x 69 = 207
90%
85 + 79 = 164
89%
79 x 3 = 237
89%
172 : 4 = 43
89%
12 x 15 = 180
82%
155 - 74 = 81
80%
15 x 16 = 240
70%
No se encontraron pruebas coincidentes
Distribución de puntuación
Porcentaje de gente con cada puntuación
Porcentaje por número respondido
Historial de tus puntuaciones
No has intentado esta prueba.